000 00389nam a2200157Ia 4500
008 230917s9999||||xx |||||||||||||| ||und||
040 _e127851
_aMAIN
041 _aEnglish
082 _a342.54 P192C
100 _aPandey, J N
245 0 _aConstitutional law of India
250 _a12th ed.
260 _aAllahabad
_bCentral Law Agency
_c1982
300 _axliv, 478 p.
942 _cBK
999 _c228507
_d228507